Vista normal Vista MARC

Entrada Nombre Corporativo

Número de registros utilizados en: 11

001 - NUMERO DE CONTROL

  • control field: 27014

003 - CONTROL NUMBER IDENTIFIER

  • control field: AR-RoUNA

005 - FECHA Y HORA DE LA ÚLTIMA TRANSACCIÓN

  • control field: 20250403104641.0

008 - ELEMENTOS DE DATOS DE LONGITUD FIJA

  • fixed length control field: 250403|| aca||aabn | a|a d

040 ## - FUENTE DE CATALOGACIÓN

  • Original cataloging agency: AR-RoUNA
  • Transcribing agency: AR-RoUNA

110 ## - NOMBRE CORPORATIVO

  • Nombre corporativo: Unesco.
  • Subordinate unit: Organización de las Naciones Unidas para la Educación, La Ciencia y la Cultura

670 ## - SOURCE DATA FOUND

  • Source citation: Work cat.: (AR-RoUNA)11877: Richter, Monique 26997, Le quartier et l'unite de voisinage a l'ile de la Reunion.